Flags of Extinct Countries - Statistics

General Stats
  • This quiz has been taken 141 times
  • The average score is 7 of 15
Answer Stats
Picture Answer % Correct
Soviet Union
97%
Austria-Hungary
94%
East Germany
87%
Tibet
83%
Hawaii
74%
South Vietnam
72%
Orange {Free State}
55%
Danzig
37%
Newfoundland
36%
Zanzibar
25%
Darfur
19%
Ha'il
19%
Johor
17%
Sulu
12%
Bali
9%
No matching quizzes found
Score Distribution
Percent of People with Each Score
Percentile by Number Answered
Your Score History
You have not taken this quiz